Giáo trình triết học : (Dùng cho học viên cao học và nghiên cứu sinh không thuộc chuyên ngành triết học
Nội dung sách gồm 11 chương: triết học vai trò của triết học trong đười sống xã hôi; khái lược lịch sử triết học phương Đông; khái lược lịch sử triết học phương Tây; khái lược lịch sử triết học Mác-Lênin......
Saved in:
| Main Author: | |
|---|---|
| Format: | Book |
| Language: | Undetermined |
| Published: |
Hà Nội
Lý luận chính trị
2008
|
| Subjects: | |
| Tags: |
Add Tag
No Tags, Be the first to tag this record!
|
| Institutions: | Trung tâm Học liệu Trường Đại học Cần Thơ |
|---|
| LEADER | 01052nam a2200217Ia 4500 | ||
|---|---|---|---|
| 001 | CTU_238393 | ||
| 008 | 210402s9999 xx 000 0 und d | ||
| 082 | |a 335.411 | ||
| 082 | |b Th400 | ||
| 100 | |a Đoàn, Quang Thọ | ||
| 245 | 0 | |a Giáo trình triết học : | |
| 245 | 0 | |b (Dùng cho học viên cao học và nghiên cứu sinh không thuộc chuyên ngành triết học | |
| 245 | 0 | |c Đoàn Quang Thọ chủ biên | |
| 260 | |a Hà Nội | ||
| 260 | |b Lý luận chính trị | ||
| 260 | |c 2008 | ||
| 520 | |a Nội dung sách gồm 11 chương: triết học vai trò của triết học trong đười sống xã hôi; khái lược lịch sử triết học phương Đông; khái lược lịch sử triết học phương Tây; khái lược lịch sử triết học Mác-Lênin... | ||
| 650 | |a Communism,Philosophy, Marxist,Triết học | ||
| 904 | |i Trọng Hải | ||
| 910 | |a Tuyến | ||
| 980 | |a Trung tâm Học liệu Trường Đại học Cần Thơ | ||